20 titres les plus écoutés de Metallica - Statistiques

Statistiques générales
  • Ce quiz a été pris 95 fois
  • Le résultat moyen est 11 sur 20
Statistiques - réponses
Nb. d'écoutes Album % Correct
+ 1 180 000 000 Master Of Puppets Master Of Puppets
96%
+ 1 980 000 000 Metallica (Black Album) Enter Sandman
95%
+ 1 565 000 000 Metallica (Black Album) Nothing Else Matters
90%
+ 793 000 000 ...And Justice for All One
89%
+ 174 000 000 Ride The Lightning Ride The Lightning
74%
+ 421 000 000 Ride The Lightning Fade To Black
64%
+ 346 000 000 Kill 'Em All Seek & Destroy
64%
+ 691 000 000 Metallica (Black Album) The Unforgiven
64%
+ 384 000 000 Reload Fuel
60%
+ 495 000 000 Metallica (Black Album) Sad But True
60%
+ 165 000 000 Ride The Lightning Creeping Death
56%
+ 700 000 000 Ride The Lightning For Whom The Bell Tolls
56%
+ 212 763 000 Master Of Puppets Battery
53%
+ 582 000 000 Garage Inc. Whiskey In The Jar
45%
+ 304 000 000 Metallica (Black Album) Wherever I May Roam
38%
+ 191 000 000 Hardwired... To Self-Destruct Hardwired
33%
+ 158 000 000 Master Of Puppets Welcome Home (Sanitarium)
33%
+ 212 309 000 Reload The Unforgiven II
30%
+ 186 000 000 Death Magnetic The Day That Never Comes
27%
+ 208 000 000 Garage Inc. Turn The Page
19%
Aucun quiz correspondant
Distribution des résultats
% des personnes avec chaque résultat
Percentile par nombre de réponses
Votre historique - résultats
Vous n’avez pas pris ce quiz